Dobrá rodina

Bibliographic Details
Other Authors: Šišková, Nora (Publishing director)
Format: Journal
Language:Slovak
PhysicalDescription:1 zv. 29 cm
Published: Bratislava Perex 2015
ISSN:1339-9683
Subjects:

MARC

LEADER 00000cas a2200000 a 4500
001 vtls010691743
003 SK-MaSNL
005 20260228163501.0
008 150710d20152015xo mr p 001 b0slo
022 |a 1339-9683 
040 |a SVKPO  |b slo  |c SVKPO  |d SNK  |e AACR2 
041 0 |a slo 
044 |a xo  |c SK 
072 7 |a 37  |x Výchova a vzdelávanie  |2 konspekt 
072 7 |a 79  |x Rekreácia. Voľný čas. Zábavy. Hry. Šport  |2 konspekt 
080 |a 79  |2 2011 
080 |a 379.8(051)  |2 2011 
210 0 |a Dobrá rod. 
222 0 |a Dobrá rodina 
245 0 0 |a Dobrá rodina 
260 |a Bratislava  |b Perex  |c 2015 
300 |a 1 zv.  |c 29 cm 
310 |a 1x mesačne 
362 0 |a Letný špeciál (jún 2015) ; roč. 1, č. 2 (okt. 2015) - roč. 1, č. 4 (dec. 2015)  |z BA001/2018 
500 |a Evidenčné číslo: EV 5206/15 
500 |a Šéfredaktorka: 2015, Nora Šišková 
650 0 7 |a voľný čas  |2 SNKPH  |9 3355 
655 7 |a časopisy pre voľný čas  |2 SNKPH  |9 70337 
700 1 |a Šišková, Nora  |4 pbd  |9 274129 
910 |a snk 
999 |c 9533  |d 11463 
952 |0 0  |1 0  |4 0  |7 0  |8 0  |a SNK  |b SNK  |d 2019-05-20  |i snk2019/13827  |l 0  |o snkČSB 7107/1/2015  |p 17A1367364  |r 2026-02-21 22:07:21  |t č. 1(letný špeciál) - 4 (dec.)  |w 2026-02-21  |y PREZ 
952 |0 0  |1 0  |4 0  |7 0  |8 0  |a SNK  |b SNK  |d 2019-05-20  |i snk2019/13834  |l 0  |o snkČSB 7107/1/2015 D1  |p 17A1367365  |r 2026-02-21 22:07:21  |t č. 1(letný špeciál) - 4 (dec.)  |w 2026-02-21  |y PREZ